Atención temprana, percepción de madres de niños y niñas con Síndrome de Down (Record no. 187885)

MARC details
000 -CABECERA
campo de control de longitud fija 02668nab a2200301 a 4500
005 - FECHA Y HORA DE LA ÚLTIMA TRANSACCIÓN
campo de control 20250319175435.0
008 - ELEMENTOS DE LONGITUD FIJA--INFORMACIÓN GENERAL
campo de control de longitud fija 991125c2017 cr tr p o 000 0 spa d
035 ## - NÚMERO DE CONTROL DEL SISTEMA
Número de control de sistema UPN01000215785
040 ## - FUENTE DE LA CATALOGACIÓN
Centro catalogador/agencia de origen UPN
Lengua de catalogación spa
Centro/agencia transcriptor UPN
Normas de descripción aacr2
049 ## - COLECCIÓN
Colección ART-E
100 1# - ASIENTO PRINCIPAL--NOMBRE PERSONAL
Nombre de persona Tapia Gutiérrez, Carmen Paz
Enlace - ctapia@uct.cl
100 1# - ASIENTO PRINCIPAL--NOMBRE PERSONAL
Nombre de persona Palma Mardones, Andrea
100 1# - ASIENTO PRINCIPAL--NOMBRE PERSONAL
Nombre de persona González Parra, Karla
245 10 - MENCIÓN DE TÍTULO
Título Atención temprana, percepción de madres de niños y niñas con Síndrome de Down
506 0# - NOTA DE RESTRICCIONES AL ACCESO
Limitaciones de acceso Acceso abierto
520 3# - NOTA DE RESUMEN, ETC.
Sumario, etc. Las actuales investigaciones en el área de la atención temprana enfatizan la necesidad de avanzar hacia modelos de atención que permitan la participación activa de la familia. A partir de ello, se planteó un estudio que tuvo como objetivo describir las dimensiones de atención temprana relevantes para familias de niños y niñas con síndrome de Down, que participaron en los talleres del Centro de Evaluación y Atención Temprana Universitaria. Se trata de una investigación evaluativa con enfoque cualitativo que utilizó un diseño de estudio de casos en el que participaron cuatro madres a quienes se les realizaron entrevistas semiestructuradas y, posteriormente, a dos de ellas, en profundidad. Los resultados informan dos dimensiones, (1) Características profesionales, referido al trabajo interdisciplinario, compromiso profesional y componente humano, y (2) Modos e instancias de participación, se valoran los talleres como un espacio de socialización para niños, niñas y madres, en el que ellas aprenden, relatan experiencias vividas y avanzan en autonomía. Los hallazgos permiten concluir que el modelo de atención considera adecuadas competencias profesionales y prácticas que se sitúan en un primer nivel de participación. De esta manera, se concluye que los talleres planteados dan cuenta de un modelo de familia-aliada. Lo anterior abre un espacio para repensar las prácticas de los profesionales en los centros especializados de atención temprana, así como en las instituciones formadoras, para favorecer el empoderamiento, la participación y autonomía que promueven los modelos centrados en la familia.
650 #4 - ASIENTO SECUNDARIO DE MATERIA - TERMINO TEMATICO
Término de materia o nombre geográfico como elemento de entrada Educación especial
9 (RLIN) 3029
650 #4 - ASIENTO SECUNDARIO DE MATERIA - TERMINO TEMATICO
Término de materia o nombre geográfico como elemento de entrada Síndrome de Down
9 (RLIN) 923
650 #4 - ASIENTO SECUNDARIO DE MATERIA - TERMINO TEMATICO
Término de materia o nombre geográfico como elemento de entrada Familias
9 (RLIN) 44286
653 0# - TERMINO DE INDIZACION - NO CONTROLADO
Término no controlado Atención temprana
653 0# - TERMINO DE INDIZACION - NO CONTROLADO
Término no controlado Enfoque interdisciplinario
773 ## - ENLACE AL DOCUMENTO FUENTE/ENTRADA DE REGISTRO ANFITRIÓN
Parte(s) relacionada(s) Vol. 17, no. 1 (2017), p. 1-22
Título Actualidades investigativas en educación
Número Internacional Normalizado para Publicaciones Seriadas 1409-4703
856 4# - LOCALIZACIÓN Y ACCESO ELECTRÓNICOS
Identificador Uniforme del Recurso <a href="https://revistas.ucr.ac.cr/index.php/aie/article/view/27226">https://revistas.ucr.ac.cr/index.php/aie/article/view/27226</a>
856 4# - LOCALIZACIÓN Y ACCESO ELECTRÓNICOS
Identificador Uniforme del Recurso <a href="https://doi.org/10.15517/aie.v17i1.27226">https://doi.org/10.15517/aie.v17i1.27226</a>
902 ## - ELEMENTOS DE DATOS B LOCAL, LDB (RLIN)
Creó Gloria Jiménez/1124
905 ## - TIPO DE MATERIAL
Tipo de material Articulo
942 ## - ELEMENTOS DE PUNTO DE ACCESO ADICIONAL (KOHA)
Tipo de ítem Koha Artículo Electrónico
Holdings
Estado de retiro Estado de pérdida Estado dañado No para préstamo Código de colección Localización permanente Ubicación/localización actual Ubicación en estantería Fecha de adquisición Total de préstamos Fecha visto por última vez Identificador Uniforme del Recurso Precio válido a partir de Tipo de ítem Koha
        Acceso abierto Bib. Gregorio Torres Quintero Bib. Gregorio Torres Quintero En línea 12/11/2024   12/11/2024 https://doi.org/10.15517/aie.v17i1.27226 12/11/2024 Artículo Electrónico